Statistics for Becky G Charting Songs (Billboard Hot 100)

Click here to take the quiz!

General Stats

  • This quiz has been taken 63 times
    (13 since last reset)
  • The average score is 3 of 8

Answer Stats

AlbumWeeks OnPeakArtist(s)Song% Correct
Non-Album Single20 Weeks#16Becky GShower
90%
Non-Album Single18 Weeks#74Becky G ft. Bad BunnyMayores
50%
Non-Album Single12 Weeks#70Becky G & Natti NatashaSin Pijama
50%
Non-Album Single10 Weeks#55Becky G & Peso PlumaChanel
40%
Non-Album Single20 Weeks#15Becky G & Karol GMAMIII
40%
Sticks + Stones2 Weeks#73Cher Lloyd ft. Becky GOath
30%
Non-Album Single3 Weeks#88Becky GCan't Stop Dancin
20%
Non-Album Single1 Week#81J-Hope ft. Becky GChicken Noodle Soup
10%

Score Distribution

Percentile by Number Answered

Percent of People with Each Score

Your Score History

You have not taken this quiz since the last reset